[Event "Madrid-ch Previa-A"]
[Site "Madrid"]
[Date "2013.02.13"]
[Round "6"]
[White "Diaz Begonte, Manuel"]
[Black "Tipter, Napoleon"]
[Result "1/2-1/2"]
[WhiteElo "1825"]
[BlackElo "2028"]
[PlyCount "77"]
[EventDate "2013.02.04"]
[EventType "swiss"]
[EventRounds "9"]
[EventCountry "ESP"]
[SourceTitle "EXT 2015"]
[Source "ChessBase"]
[SourceDate "2014.11.20"]
[SourceVersion "1"]
[SourceVersionDate "2014.11.20"]
[SourceQuality "1"]

1. e4 c5 2. d4 cxd4 3. c3 dxc3 4. Nxc3 e6 5. Nf3 a6 6. Bc4 b5 7. Bb3 Bb7 8. Qe2 Bb4 9. 0-0 Ne7 10. Bd2 0-0 11. Rac1 Nbc6 12. a3 Ba5 13. Rfd1 Bb6 14. Be3 Bxe3 15. Qxe3 Na5 16. Ba2 Rc8 17. Ne5 d5 18. exd5 Nxd5 19. Nxd5 Rxc1 20. Qxc1 exd5 21. Qc3 Qg5 22. Nf3 Qd8 23. Nd4 Nc4 24. a4 Nd6 25. axb5 axb5 26. Nc6 Qc7 27. Bxd5 Rc8 28. Rc1 h6 29. Qe5 Re8 30. Qc3 Nc4 31. Nb4 Bxd5 32. Nxd5 Qe5 33. Qxe5 Rxe5 34. b3 Rxd5 35. bxc4 bxc4 36. Kf1 Rc5 37. Ke2 Kf8 38. Ke3 Ke7 39. Kd4 1/2-1/2

[Event "Madrid-ch Previa-A"]
[Site "Madrid"]
[Date "2013.02.05"]
[Round "2"]
[White "Saber, Salah"]
[Black "Tipter, Napoleon"]
[Result "1/2-1/2"]
[WhiteElo "1844"]
[BlackElo "2028"]
[PlyCount "65"]
[EventDate "2013.02.04"]
[EventType "swiss"]
[EventRounds "9"]
[EventCountry "ESP"]
[SourceTitle "EXT 2015"]
[Source "ChessBase"]
[SourceDate "2014.11.20"]
[SourceVersion "1"]
[SourceVersionDate "2014.11.20"]
[SourceQuality "1"]

1. d4 Nf6 2. Nf3 e6 3. Bg5 c5 4. e3 cxd4 5. exd4 Qa5+ 6. c3 Ne4 7. Be3 d5 8. Nbd2 Be7 9. Bd3 f5 10. Ne5 0-0 11. f4 Nd7 12. 0-0 Nxe5 13. fxe5 Bd7 14. Qh5 Be8 15. Qh3 Qb6 16. Rab1 Bb5 17. Bxb5 Qxb5 18. Nxe4 dxe4 19. Qg3 Rad8 20. h4 Qd3 21. Rbd1 Bxh4 22. Qh3 Qe2 23. Rd2 Qg4 24. Qxg4 fxg4 25. Rfd1 a6 26. Re2 Rf5 27. Kh2 Rxe5 28. Bf4 Rh5 29. Kg1 e5 30. Be3 Bg3 31. d5 Rf8 32. d6 Bh2+ 33. Kh1 1/2-1/2

[Event "Madrid Oliver Gonzalez Memorial-A 3rd"]
[Site "Madrid"]
[Date "2012.09.06"]
[Round "6"]
[White "Spitzer Isbert, Ramon"]
[Black "Tipter, Napoleon"]
[Result "1-0"]
[WhiteElo "2078"]
[BlackElo "2002"]
[PlyCount "69"]
[EventDate "2012.09.01"]
[EventType "swiss"]
[EventRounds "9"]
[EventCountry "ESP"]
[SourceTitle "CBM 150 Extra"]
[Source "ChessBase"]
[SourceDate "2012.10.19"]
[SourceVersion "1"]
[SourceVersionDate "2012.10.19"]
[SourceQuality "1"]

1. Nf3 c5 2. e4 Nc6 3. Nc3 Nf6 4. Bb5 d6 5. d4 cxd4 6. Nxd4 Bd7 7. Bg5 Qb6 8. Be3 Qa5 9. Nb3 Qc7 10. Qd2 e6 11. 0-0-0 a6 12. Be2 Be7 13. g4 0-0-0 14. g5 Ne8 15. Na4 Kb8 16. Bb6 Qc8 17. Bxd8 Bxd8 18. Rhg1 Ne5 19. Qd4 Qc6 20. Nac5 Bc7 21. Nxd7+ Nxd7 22. Rg3 Bb6 23. Qb4 h6 24. g6 f6 25. Rc3 Nc5 26. Nd4 Qc7 27. Nxe6 Nxe6 28. Rxc7 Bxc7 29. Bxa6 Nc5 30. Bb5 Bd8 31. f4 Be7 32. Bxe8 Rxe8 33. Qc4 Rc8 34. Qf7 Bf8 35. Rd4 1-0

[Event "Madrid Oliver Gonzalez Memorial-A 3rd"]
[Site "Madrid"]
[Date "2012.09.05"]
[Round "5"]
[White "Tipter, Napoleon"]
[Black "De la Orden Alcocer, Alejandro"]
[Result "0-1"]
[WhiteElo "2002"]
[BlackElo "1857"]
[PlyCount "76"]
[EventDate "2012.09.01"]
[EventType "swiss"]
[EventRounds "9"]
[EventCountry "ESP"]
[SourceTitle "CBM 150 Extra"]
[Source "ChessBase"]
[SourceDate "2012.10.19"]
[SourceVersion "1"]
[SourceVersionDate "2012.10.19"]
[SourceQuality "1"]

1. e4 Nf6 2. e5 Nd5 3. c4 Nb6 4. d4 d6 5. f4 dxe5 6. fxe5 c5 7. d5 g6 8. Be3 Bg7 9. Nf3 Bg4 10. Nc3 N8d7 11. e6 fxe6 12. h3 Bxf3 13. Qxf3 exd5 14. cxd5 Na4 15. Bd2 Nxc3 16. Bxc3 Rf8 17. Qe3 Bxc3+ 18. Qxc3 Qc7 19. 0-0-0 0-0-0 20. Be2 Qe5 21. Bg4 Qxc3+ 22. bxc3 Rf2 23. Rd2 Rdf8 24. Re1 Rxd2 25. Kxd2 Rf2+ 26. Kd3 Kd8 27. Re2 Rxe2 28. Bxe2 Kc7 29. c4 Kd6 30. Ke4 h6 31. h4 Nf6+ 32. Kf4 b5 33. Bd3 bxc4 34. Bxg6 Nxd5+ 35. Kf3 c3 36. a3 Ke5 37. g4 Nf4 38. Bc2 Ne6 0-1

[Event "Madrid Oliver Gonzalez Memorial-A 3rd"]
[Site "Madrid"]
[Date "2012.09.01"]
[Round "1"]
[White "Tipter, Napoleon"]
[Black "Chueca Forcen, Alberto"]
[Result "0-1"]
[WhiteElo "2002"]
[BlackElo "2313"]
[PlyCount "86"]
[EventDate "2012.09.01"]
[EventType "swiss"]
[EventRounds "9"]
[EventCountry "ESP"]
[SourceTitle "CBM 150 Extra"]
[Source "ChessBase"]
[SourceDate "2012.10.19"]
[SourceVersion "1"]
[SourceVersionDate "2012.10.19"]
[SourceQuality "1"]

1. e4 Nf6 2. e5 Nd5 3. d4 d6 4. exd6 exd6 5. Nf3 Be7 6. Be2 0-0 7. 0-0 Bf5 8. a3 Bf6 9. c4 Nb6 10. Nc3 Nc6 11. Be3 Re8 12. Rc1 d5 13. cxd5 Ne7 14. Bb5 Rf8 15. Ne2 Nexd5 16. Ng3 Bg6 17. Re1 c6 18. Bd3 Re8 19. Bxg6 hxg6 20. Qd3 Re6 21. Ne4 Nxe3 22. fxe3 Nd7 23. Rcd1 Qa5 24. b4 Qf5 25. Nxf6+ Nxf6 26. Ne5 Qxd3 27. Rxd3 Rd8 28. Rb3 Rd5 29. Rf1 Ne4 30. Rb2 Re7 31. Rc2 g5 32. h4 gxh4 33. Rf4 g5 34. Rxe4 f5 35. Ng4 Rxe4 36. Nf6+ Kf7 37. Nxd5 cxd5 38. Kf2 f4 39. Rc7+ Re7 40. Rxe7+ Kxe7 41. exf4 Kf6 42. fxg5+ Kxg5 43. Kf3 b5 0-1

[Event "Mostoles op 5th"]
[Site "Mostoles"]
[Date "2012.07.21"]
[Round "3"]
[White "Gal, Eugen"]
[Black "Tipter, Napoleon"]
[Result "1/2-1/2"]
[WhiteElo "2030"]
[BlackElo "2076"]
[PlyCount "47"]
[EventDate "2012.07.19"]
[EventType "swiss"]
[EventRounds "9"]
[EventCountry "ESP"]
[SourceTitle "EXT 2013"]
[Source "ChessBase"]
[SourceDate "2012.11.22"]
[SourceVersion "1"]
[SourceVersionDate "2012.11.22"]
[SourceQuality "1"]

1. e4 c5 2. Nf3 Nc6 3. d4 cxd4 4. Nxd4 Nf6 5. Nc3 e5 6. Ndb5 a6 7. Nd6+ Bxd6 8. Qxd6 Qb6 9. Nd5 Nxd5 10. exd5 Qb4+ 11. Qxb4 Nxb4 12. Bd3 d6 13. 0-0 b5 14. Rd1 Nxd3 15. Rxd3 Bf5 16. Rd2 Rc8 17. c3 0-0 18. f3 Rc4 19. Rd1 Rfc8 20. Bd2 Bg6 21. Rac1 f6 22. a3 a5 23. Be3 b4 24. Bb6 1/2-1/2

[Event "Mostoles op 5th"]
[Site "Mostoles"]
[Date "2012.07.19"]
[Round "1"]
[White "Martinez Miura, Enrique"]
[Black "Tipter, Napoleon"]
[Result "1/2-1/2"]
[WhiteElo "1724"]
[BlackElo "2076"]
[PlyCount "101"]
[EventDate "2012.07.19"]
[EventType "swiss"]
[EventRounds "9"]
[EventCountry "ESP"]
[SourceTitle "EXT 2013"]
[Source "ChessBase"]
[SourceDate "2012.11.22"]
[SourceVersion "1"]
[SourceVersionDate "2012.11.22"]
[SourceQuality "1"]

1. e4 c5 2. c4 Nc6 3. Nc3 e6 4. g3 Nf6 5. Bg2 Be7 6. Nge2 0-0 7. 0-0 a6 8. d4 cxd4 9. Nxd4 Qc7 10. h3 b6 11. Nxc6 dxc6 12. Be3 Bb7 13. Qb3 Nd7 14. Rfd1 Rfd8 15. f4 Bc5 16. Bxc5 Nxc5 17. Qc2 e5 18. f5 a5 19. Qe2 Qe7 20. Rxd8+ Rxd8 21. Rd1 Rd4 22. Qg4 f6 23. Qf3 Qd6 24. Kh2 Ba6 25. b3 b5 26. cxb5 cxb5 27. Rxd4 exd4 28. e5 fxe5 29. Qa8+ Kf7 30. Nd5 e4 31. Qa7+ Bb7 32. Bxe4 Nxe4 33. Qxb7+ Kf8 34. Nf4 Nc5 35. Qa8+ Kf7 36. Qa7+ Kf6 37. Nh5+ Kxf5 38. Qxg7 d3 39. Qf7+ Ke4 40. Nf6+ Kd4 41. Ng4 Ne4 42. Qg7+ Kc5 43. Qa7+ Kb4 44. Qe3 Qd5 45. Nf2 Nxf2 46. Qxf2 d2 47. Qf8+ Qc5 48. a3+ Kxb3 49. Qxc5 d1Q 50. Qxb5+ Ka2 51. Qxa5 1/2-1/2

[Event "Parla op 25th"]
[Site "Parla"]
[Date "2010.09.06"]
[Round "3"]
[White "Tipter, Napoleon"]
[Black "Garcia Ruiz Fuentes, Angel Marcos"]
[Result "0-1"]
[WhiteElo "2027"]
[BlackElo "2141"]
[PlyCount "64"]
[EventDate "2010.09.04"]
[EventType "swiss"]
[EventRounds "9"]
[EventCountry "ESP"]
[SourceTitle "CBM 138 Extra"]
[Source "ChessBase"]
[SourceDate "2010.10.29"]
[SourceVersion "1"]
[SourceVersionDate "2010.10.29"]
[SourceQuality "1"]

1. e4 c5 2. Nf3 d6 3. d4 cxd4 4. Qxd4 Nc6 5. Bb5 Bd7 6. Bxc6 Bxc6 7. Nc3 Nf6 8. Bg5 e6 9. 0-0-0 Be7 10. Rhe1 Qc7 11. Bxf6 gxf6 12. Rd3 b5 13. Nd1 a5 14. Nd2 a4 15. f4 a3 16. bxa3 d5 17. exd5 Bxd5 18. Kb1 Ra4 19. Qc3 Qb7 20. Ne3 Bc4 21. Nb3 Bxd3 22. cxd3 0-0 23. f5 Rc8 24. Qb2 e5 25. Qe2 Bxa3 26. Ng4 Qc6 27. h3 Ra7 28. Qd2 Bb4 29. Nxf6+ Kh8 30. Qf2 Bxe1 31. Qxa7 Qc2+ 32. Ka1 Bc3# 0-1

[Event "Parla op 25th"]
[Site "Parla"]
[Date "2010.09.05"]
[Round "2"]
[White "Del Rio de Angelis, Salvador Gabriel"]
[Black "Tipter, Napoleon"]
[Result "1-0"]
[WhiteElo "2515"]
[BlackElo "2027"]
[PlyCount "55"]
[EventDate "2010.09.04"]
[EventType "swiss"]
[EventRounds "9"]
[EventCountry "ESP"]
[SourceTitle "CBM 138 Extra"]
[Source "ChessBase"]
[SourceDate "2010.10.29"]
[SourceVersion "1"]
[SourceVersionDate "2010.10.29"]
[SourceQuality "1"]

1. d4 Nf6 2. c4 c5 3. d5 g6 4. Nc3 d6 5. e4 Bg7 6. Nge2 0-0 7. Ng3 e5 8. Bd3 a6 9. 0-0 Ne8 10. Rb1 Nc7 11. a3 f5 12. exf5 gxf5 13. f3 Qe8 14. Qc2 Qg6 15. b4 b6 16. bxc5 bxc5 17. Rb6 Rf6 18. Qb1 Nd7 19. Rc6 Rb8 20. Qc2 Ne8 21. Nxf5 Qf7 22. Bg5 Bb7 23. Bxf6 Qxf6 24. Rb1 Bxc6 25. dxc6 Rxb1+ 26. Qxb1 Nf8 27. Nd5 Qd8 28. Nxg7 1-0

[Event "Madrid-chT Honor"]
[Site "Madrid"]
[Date "2010.03.07"]
[Round "13"]
[White "Tipter, Napoleon"]
[Black "Sanchez Naranjo, Jose Manuel"]
[Result "1/2-1/2"]
[WhiteElo "2048"]
[BlackElo "2090"]
[PlyCount "60"]
[EventDate "2009.11.22"]
[EventType "team-tourn"]
[EventRounds "13"]
[EventCountry "ESP"]
[SourceTitle "EXT 2011"]
[Source "ChessBase"]
[SourceDate "2010.11.26"]
[SourceVersion "1"]
[SourceVersionDate "2010.11.26"]
[SourceQuality "1"]

1. e4 c5 2. Nf3 Nc6 3. d4 cxd4 4. Nxd4 Nf6 5. Nc3 e5 6. Ndb5 d6 7. Bg5 a6 8. Na3 b5 9. Nd5 Be7 10. Bxf6 Bxf6 11. c3 Bg5 12. Nc2 0-0 13. Bd3 Ne7 14. Nce3 Be6 15. Bc2 Bxe3 16. Nxe3 d5 17. exd5 Nxd5 18. Nxd5 Qxd5 19. Qxd5 Bxd5 20. f3 Rfd8 21. 0-0-0 Bb7 22. a4 Kf8 23. axb5 axb5 24. Rxd8+ Rxd8 25. Re1 Re8 26. Kd2 g6 27. Be4 Rd8+ 28. Kc2 Bxe4+ 29. Rxe4 Rd5 30. c4 bxc4 1/2-1/2

[Event "Madrid-ch sf-A"]
[Site "Madrid"]
[Date "2010.01.19"]
[Round "5"]
[White "Martin Martin, Luis Vicente"]
[Black "Tipter, Napoleon"]
[Result "0-1"]
[WhiteElo "2061"]
[BlackElo "2052"]
[PlyCount "94"]
[EventDate "2010.01.11"]
[EventType "swiss"]
[EventRounds "9"]
[EventCountry "ESP"]
[SourceTitle "CBM 134 Extra"]
[Source "ChessBase"]
[SourceDate "2010.03.03"]
[SourceVersion "1"]
[SourceVersionDate "2010.03.03"]
[SourceQuality "1"]

1. e4 c5 2. Nf3 d6 3. d4 cxd4 4. Qxd4 a6 5. c4 Nc6 6. Qd2 Nf6 7. Nc3 g6 8. b3 Bg7 9. Bb2 Qa5 10. Rb1 Bg4 11. Be2 0-0 12. a3 Qb6 13. Qd1 e6 14. 0-0 Rad8 15. Nd2 Bxe2 16. Qxe2 Rfe8 17. Qd3 Ne5 18. Qc2 Qc7 19. Rbc1 Bh6 20. f4 Neg4 21. Nd1 Qc5+ 22. Kh1 Bg7 23. Nf3 Ne3 24. b4 Qa7 25. Nxe3 Qxe3 26. Ng5 h6 27. Rce1 Qb6 28. Nf3 Rc8 29. Qe2 Qc6 30. Nd2 h5 31. Qd3 Red8 32. f5 e5 33. Qg3 Kh7 34. Qg5 Ng8 35. Rf3 Qe8 36. Bc1 Bh6 37. fxg6+ fxg6 38. Qg3 Qe6 39. Ref1 Rf8 40. Rxf8 Rxf8 41. Nf3 Qxc4 42. Qe1 Kg7 43. Bxh6+ Nxh6 44. Qc1 Rc8 45. Qd1 Ng4 46. Ng5 Ne3 47. Rf7+ Qxf7 0-1

[Event "Madrid-chT Honor"]
[Site "Madrid"]
[Date "2009.12.13"]
[Round "3"]
[White "Tipter, Napoleon"]
[Black "Nunez Gutierrez, Juan Carlos"]
[Result "1-0"]
[WhiteElo "2048"]
[BlackElo "2101"]
[PlyCount "95"]
[EventDate "2009.11.22"]
[EventType "team-tourn"]
[EventRounds "13"]
[EventCountry "ESP"]
[SourceTitle "EXT 2011"]
[Source "ChessBase"]
[SourceDate "2010.11.26"]
[SourceVersion "1"]
[SourceVersionDate "2010.11.26"]
[SourceQuality "1"]

1. e4 e5 2. Nf3 Nf6 3. Nxe5 d6 4. Nf3 Nxe4 5. d4 d5 6. Bd3 Bg4 7. 0-0 Be7 8. Re1 Nc6 9. c3 f5 10. Nbd2 0-0 11. h3 Bh5 12. Nf1 Kh8 13. Ng3 Bg6 14. Bf4 Bd6 15. Qc1 Qf6 16. Nf1 Rae8 17. Bxd6 Nxd6 18. Qc2 Bh5 19. N3h2 Re6 20. Ng3 Bg6 21. Rxe6 Qxe6 22. Nf3 h6 23. Re1 Ne4 24. Qb3 Qd6 25. Nf1 Bh5 26. Be2 Bxf3 27. Bxf3 b6 28. Be2 Nd8 29. Bd3 Ne6 30. f3 Nf4 31. Qc2 Nxd3 32. Qxd3 Ng5 33. Re5 Qg6 34. Kh2 Qd6 35. g3 f4 36. g4 c6 37. Qe2 c5 38. h4 Nf7 39. Re8 Kg8 40. dxc5 bxc5 41. Nd2 Qf6 42. Kh3 h5 43. Re6 hxg4+ 44. fxg4 Qd8 45. Nf3 Nd6 46. Qe5 Ne4 47. Re7 Rf6 48. Re8+ 1-0

[Event "Madrid-ch Previa-A"]
[Site "Madrid"]
[Date "2009.11.12"]
[Round "6"]
[White "Martin Consuegra, Barrilero Javier"]
[Black "Tipter, Napoleon"]
[Result "0-1"]
[WhiteElo "1891"]
[BlackElo "2048"]
[PlyCount "62"]
[EventDate "2009.11.02"]
[EventType "swiss"]
[EventRounds "9"]
[EventCountry "ESP"]
[SourceTitle "EXT 2010"]
[Source "ChessBase"]
[SourceDate "2010.11.25"]
[SourceVersion "1"]
[SourceVersionDate "2010.11.25"]
[SourceQuality "1"]

1. Nf3 c5 2. c3 d5 3. d4 e6 4. Bf4 Nc6 5. e3 Nf6 6. Nbd2 Be7 7. Bd3 Nh5 8. Bg3 f5 9. Be5 0-0 10. g3 Nf6 11. Bxf6 Rxf6 12. Ne5 Bd7 13. Nxd7 Qxd7 14. Nf3 Qc7 15. Bb5 Bd6 16. Qa4 Ne7 17. Be2 a6 18. 0-0 c4 19. Qd1 b5 20. Nh4 g5 21. Ng2 Kh8 22. f4 g4 23. Kf2 Rh6 24. Nh4 Ng8 25. Kg2 Be7 26. h3 Bxh4 27. gxh4 gxh3+ 28. Kxh3 Qe7 29. Qe1 Nf6 30. Bf3 Rg8 31. Qf2 Ng4 0-1

[Event "Madrid-ch Previa-A"]
[Site "Madrid"]
[Date "2009.11.04"]
[Round "3"]
[White "Iagar, Razvan Gabriel"]
[Black "Tipter, Napoleon"]
[Result "0-1"]
[WhiteElo "2141"]
[BlackElo "2048"]
[PlyCount "144"]
[EventDate "2009.11.02"]
[EventType "swiss"]
[EventRounds "9"]
[EventCountry "ESP"]
[SourceTitle "EXT 2010"]
[Source "ChessBase"]
[SourceDate "2010.11.25"]
[SourceVersion "1"]
[SourceVersionDate "2010.11.25"]
[SourceQuality "1"]

1. d4 Nf6 2. c4 c5 3. d5 d6 4. Nc3 g6 5. e4 Bg7 6. h3 0-0 7. Nf3 Ne8 8. Bd3 e5 9. Bg5 f6 10. Be3 f5 11. Qc2 Na6 12. a3 Bd7 13. Rb1 f4 14. Bd2 Rc8 15. Qb3 b6 16. Nb5 Bxb5 17. Qxb5 Nac7 18. Qb3 g5 19. Be2 h5 20. Nh2 Nf6 21. Qc2 Qd7 22. f3 Bh6 23. Nf1 Kg7 24. Qd3 Rh8 25. b3 g4 26. Kd1 Bg5 27. Kc2 b5 28. Bc3 a6 29. Nd2 g3 30. Rhc1 Rb8 31. Bf1 Na8 32. Kd1 Qa7 33. Ba1 Nb6 34. Be2 Nfd7 35. Bf1 Be7 36. Be2 Rb7 37. Bf1 Rhb8 38. Qc2 Na8 39. Qd3 Bd8 40. Be2 Ba5 41. Bc3 b4 42. Bb2 bxa3 43. Bxa3 Bb4 44. Bxb4 cxb4 45. Bf1 Qg1 46. Ra1 Nc5 47. Qc2 Nb6 48. Rcb1 Nc8 49. Kc1 Ra7 50. Ra5 Nb7 51. Ra4 a5 52. Rba1 Rba8 53. R4a2 Nc5 54. Qd1 Nb6 55. Rb2 Kf6 56. Rab1 Ke7 57. Ra1 Qe3 58. Qc2 Ra6 59. Rab1 a4 60. Kd1 Qd4 61. Kc1 Qg1 62. Qd1 R8a7 63. Ra1 Qe3 64. Kb1 Qd4 65. Kc1 axb3 66. Rxa6 Qc3+ 67. Rc2 Rxa6 68. Rxc3 Ra1+ 69. Nb1 bxc3 70. Bd3 Nxd3+ 71. Qxd3 c2 72. Qxb3 cxb1Q+ 0-1